[Event "AUTO-ADV-3410"]
[Site "http://www.queenalice.com/game.php?id=1358960"]
[Date "2015.5.11"]
[Round "1"]
[White "redrum"]
[Black "talisman77"]
[Result "1/2-1/2"]
[WhiteElo "2006"]
[BlackElo "1850"]

1. d4 d5 2. Nf3 Nc6 3. Bf4 e6 4. e3 Nf6 5. c3 Bd6 6. Bg5 Be7 7. Bd3 O-O 8. Nbd2
b6 9. O-O Bb7 10. Re1 a6 11. Bxf6 Bxf6 12. Qc2 g6 13. h3 Ne7 14. e4 c5 15. e5
Bg7 16. Rac1 c4 17. Bf1 Nf5 18. a4 b5 19. axb5 axb5 20. Ra1 f6 21. exf6 Qxf6 22.
Ne5 Rfd8 23. b4 Nh4 24. Ndf3 Rxa1 25. Rxa1 Nxf3+ 26. Nxf3 Re8 27. Ne5 Qe7 28.
Qe2 Rf8 29. Ra7 Ra8 30. Rxa8+ Bxa8 31. Qa2 Qb7 32. Be2 Bxe5 33. dxe5 Qc8 34. Qa7
Bc6 35. Bf3 Qb7 36. Qxb7 Bxb7 37. Kf1 Bc6 38. Ke2 Kg7 39. h4 Kh6 40. g3 Be8 41.
Ke3 g5 42. hxg5+ Kxg5 43. Kd4 Kf5 44. Be2 h5 45. Bf3 Bf7 1/2-1/2

[Event "AUTO-OPEN-3498"]
[Site "http://www.queenalice.com/game.php?id=1365573"]
[Date "2015.6.15"]
[Round "1"]
[White "redrum"]
[Black "andrevillares"]
[Result "0-1"]
[WhiteElo "1962"]
[BlackElo "2061"]

1. e4 c6 2. d4 d5 3. e5 Bf5 4. Bd3 Bxd3 5. Qxd3 e6 6. Nf3 c5 7. c3 Nc6 8. Nbd2
Nge7 9. b3 Nf5 10. Qc2 cxd4 11. c4 Rc8 12. Qd1 Nb4 13. O-O Bc5 14. Ba3 Ne3 15.
Qe2 d3 16. Qxe3 Bxe3 17. Bxb4 Bxd2 18. Bxd2 dxc4 19. bxc4 Rxc4 20. Rfc1 b5 21.
Rxc4 bxc4 22. Rb1 O-O 23. h3 Qd5 24. Rc1 Rc8 25. Bc3 h6 26. Rb1 Rc7 27. a4 Rb7
28. Rc1 Rb3 29. a5 a6 30. Kf1 Rxc3 31. Rxc3 d2 0-1

[Event "AUTO-OPEN-3498"]
[Site "http://www.queenalice.com/game.php?id=1365574"]
[Date "2015.6.15"]
[Round "1"]
[White "andrevillares"]
[Black "redrum"]
[Result "1-0"]
[WhiteElo "2058"]
[BlackElo "1957"]

1. d4 d5 2. c4 e6 3. Nc3 c6 4. cxd5 exd5 5. Nf3 Nf6 6. Bg5 Be7 7. e3 Nbd7 8. Bd3
h6 9. Bh4 Nh7 10. Bxe7 Qxe7 11. O-O O-O 12. Re1 Nhf6 13. e4 dxe4 14. Nxe4 Qd8
15. Rc1 Nd5 16. Bb1 N7f6 17. Qc2 Nxe4 18. Qxe4 Nf6 19. Qf4 Bg4 20. Ne5 Qc7 21.
Qg3 Bh5 22. Nxc6 Qxg3 23. Ne7+ Kh8 24. hxg3 Rfe8 25. f3 Rad8 26. g4 Bg6 27.
Nxg6+ fxg6 28. Bxg6 Rxe1+ 29. Rxe1 Rxd4 30. Re7 Rd7 31. Rxd7 Nxd7 32. Kf2 b6 33.
Ke3 Nf8 34. Be4 Nd7 35. Kd4 Nc5 36. b4 1-0

[Event "AUTO-OPEN-3498"]
[Site "http://www.queenalice.com/game.php?id=1365575"]
[Date "2015.6.15"]
[Round "1"]
[White "redrum"]
[Black "jalhallib"]
[Result "1/2-1/2"]
[WhiteElo "2001"]
[BlackElo "2000"]

1. d4 d5 2. Nf3 e6 3. Bf4 Bd6 4. Bg3 Bxg3 5. hxg3 Nf6 6. e3 Nc6 7. c3 a6 8. Bd3
h6 9. Nbd2 b5 10. a3 Na5 11. b3 c6 12. Qc1 O-O 13. b4 Nc4 14. Nxc4 bxc4 15. Bc2
a5 16. O-O axb4 17. axb4 Bb7 18. Qb2 Qc7 19. Rxa8 Rxa8 20. Ra1 Rxa1+ 21. Qxa1
Qb8 22. Qa5 Qa8 23. Qxa8+ Bxa8 24. Ba4 Nd7 25. Kf1 f6 26. Ke2 Nb6 27. Bc2 Bb7
28. Nd2 Ba6 29. f4 Bb5 30. Nb1 Ba4 31. Bxa4 Nxa4 32. g4 g5 33. g3 Kf7 34. Kf3
Nb2 35. Na3 Nd1 36. Nb1 Nb2 37. Na3 Nd1 38. Nb1 1/2-1/2

[Event "AUTO-OPEN-3498"]
[Site "http://www.queenalice.com/game.php?id=1365576"]
[Date "2015.6.15"]
[Round "1"]
[White "jalhallib"]
[Black "redrum"]
[Result "0-1"]
[WhiteElo "2000"]
[BlackElo "2001"]

1. Nf3 d5 2. d4 c6 3. g3 e6 4. Bg2 Nf6 5. Bg5 Be7 6. Bxf6 Bxf6 7. e3 O-O 8. c3
Nd7 9. O-O e5 10. dxe5 Nxe5 11. Nxe5 Bxe5 12. f4 Bc7 13. Nd2 Bb6 14. Qe2 Re8 15.
Rae1 Rxe3 16. Qxe3 Bxe3+ 17. Rxe3 Qb6 18. Re1 Bd7 19. Kh1 g6 20. Re7 Be6 21. b4
Kf8 22. R7xe6 fxe6 23. Rxe6 Re8 24. Rxe8+ Kxe8 25. Nb3 Qf2 26. h3 Qxg3 27. Nd4
Qxc3 28. Nf3 Qc1+ 29. Kh2 Qxf4+ 30. Kg1 Qxb4 31. Ng5 Qb1+ 32. Kh2 h6 33. Nf3
Qxa2 34. Kg3 Qe2 35. h4 a5 36. Bh3 a4 37. Bc8 Qb2 38. Kf4 a3 39. Ne5 a2 40. Nxg6
Qf6+ 41. Bf5 a1=Q 0-1

[Event "AUTO-MASTER-2313"]
[Site "http://www.queenalice.com/game.php?id=1365682"]
[Date "2015.6.15"]
[Round "1"]
[White "josebaron"]
[Black "redrum"]
[Result "1-0"]
[WhiteElo "1946"]
[BlackElo "2003"]

1. e4 c6 2. d4 d5 3. e5 Bf5 4. f4 e6 5. Nf3 Nh6 6. Bd3 Bxd3 7. Qxd3 Be7 8. O-O
O-O 9. c4 Nd7 10. c5 a6 11. a4 a5 12. Ng5 Bxg5 13. fxg5 Nf5 14. Nd2 Qxg5 15. Nf3
Qd8 16. g4 Ne7 17. Ng5 g6 18. h3 Re8 19. Kg2 Nf8 20. Qf3 Nf5 21. gxf5 exf5 22.
Qf2 f6 23. Nf3 Nd7 24. exf6 Qxf6 25. Bg5 Qg7 26. Rae1 Qf7 27. Qd2 Rxe1 28. Rxe1
Re8 29. Rxe8+ Qxe8 30. Qxa5 Qc8 31. Qe1 b6 32. Qe7 bxc5 33. Bh6 c4 34. Qg7# 1-0

[Event "AUTO-MASTER-2313"]
[Site "http://www.queenalice.com/game.php?id=1365683"]
[Date "2015.6.15"]
[Round "1"]
[White "redrum"]
[Black "josebaron"]
[Result "1/2-1/2"]
[WhiteElo "2004"]
[BlackElo "1941"]

1. d4 d5 2. Nf3 Nf6 3. Bf4 e6 4. e3 Bd6 5. Bg5 h6 6. Bxf6 Qxf6 7. Bd3 O-O 8. O-O
Nd7 9. c3 e5 10. dxe5 Bxe5 11. Nxe5 Nxe5 12. Be2 c6 13. Nd2 b5 14. Nf3 Nxf3+ 15.
Bxf3 a5 16. Qd4 Qxd4 17. exd4 Re8 18. Rfe1 Bf5 19. h3 Bg6 20. a3 a4 21. Kf1 Re6
22. Rxe6 fxe6 23. Re1 Re8 24. Re5 Kf7 25. Ke2 Kf6 26. Kd2 Bf7 27. h4 c5 28. g4
c4 29. g5+ hxg5 30. hxg5+ Ke7 31. Bxd5 Kd6 32. Bf3 Rb8 1/2-1/2

[Event "AUTO-MASTER-2313"]
[Site "http://www.queenalice.com/game.php?id=1365696"]
[Date "2015.6.15"]
[Round "1"]
[White "Rutty"]
[Black "redrum"]
[Result "1-0"]
[WhiteElo "2082"]
[BlackElo "2017"]

1. e4 c6 2. d4 d5 3. e5 Bf5 4. Nf3 e6 5. Nc3 Nd7 6. Bd3 Bxd3 7. Qxd3 Bb4 8. Bd2
Ne7 9. a3 Qa5 10. O-O Bxc3 11. Bxc3 Qd8 12. Nd2 a5 13. b4 a4 14. Bb2 b5 15. f4
f5 16. c3 Nb6 17. Rf3 O-O 18. Raf1 g6 19. Rg3 Kh8 20. Nf3 Nc4 21. Bc1 Kg7 22.
Ng5 h6 23. Nxe6+ 1-0

[Event "AUTO-MASTER-2313"]
[Site "http://www.queenalice.com/game.php?id=1365697"]
[Date "2015.6.15"]
[Round "1"]
[White "redrum"]
[Black "Rutty"]
[Result "0-1"]
[WhiteElo "1950"]
[BlackElo "2093"]

1. e4 e5 2. Nf3 Nc6 3. Nc3 Nf6 4. d3 h6 5. Be3 Bb4 6. Be2 O-O 7. O-O d6 8. a3
Ba5 9. b4 Bb6 10. Bxb6 axb6 11. h3 Be6 12. d4 exd4 13. Nxd4 Nxd4 14. Qxd4 c5 15.
Qd2 d5 16. e5 Nd7 17. Nxd5 Nxe5 18. c4 Bxd5 19. cxd5 Qd6 20. f4 Nd7 21. Bf3 Nf6
22. Rfd1 c4 23. Rdc1 b5 24. Rc3 Rae8 25. Kf1 Ne4 26. Bxe4 Rxe4 27. Re1 Rfe8 28.
Rxe4 Rxe4 29. g3 f5 30. Kf2 Qb6+ 31. Kf1 Rd4 32. Qf2 Rd1+ 33. Kg2 Qxf2+ 34. Kxf2
Rxd5 35. Ke2 Kf7 36. Re3 Kf6 37. h4 g5 38. h5 gxf4 39. gxf4 Rd4 40. Rf3 Ke6 41.
Re3+ Re4 0-1

[Event "AUTO-MASTER-2313"]
[Site "http://www.queenalice.com/game.php?id=1365706"]
[Date "2015.6.15"]
[Round "1"]
[White "redrum"]
[Black "andrevillares"]
[Result "0-1"]
[WhiteElo "1985"]
[BlackElo "2049"]

1. d4 Nf6 2. Nf3 d5 3. Bf4 g6 4. e3 Bg7 5. Be5 Nc6 6. Bb5 Bd7 7. Bxf6 Bxf6 8. c3
O-O 9. O-O a6 10. Bd3 e5 11. Nxe5 Nxe5 12. dxe5 Bxe5 13. g3 c5 14. Nd2 Bc6 15.
Nf3 Bg7 16. Be2 Re8 17. Re1 b5 18. a3 a5 19. Rb1 b4 20. a4 bxc3 21. b3 Ra7 22.
Qc2 d4 23. Bd3 Bxf3 24. Bf1 dxe3 25. Rxe3 Rxe3 26. fxe3 Re7 27. Re1 Qd2 28. Qc1
Bh6 0-1

[Event "AUTO-MASTER-2313"]
[Site "http://www.queenalice.com/game.php?id=1365707"]
[Date "2015.6.15"]
[Round "1"]
[White "andrevillares"]
[Black "redrum"]
[Result "1-0"]
[WhiteElo "2045"]
[BlackElo "1970"]

1. d4 d5 2. c4 e6 3. Nc3 c6 4. cxd5 exd5 5. Nf3 Nf6 6. Bg5 Nbd7 7. e3 Be7 8. Bd3
h6 9. Bh4 Nh7 10. Bxe7 Qxe7 11. O-O O-O 12. Rc1 Nhf6 13. Re1 Re8 14. a3 a5 15.
Re2 a4 16. Nxa4 Qd8 17. Nc5 Nxc5 18. Rxc5 Ne4 19. Rc1 Bf5 20. Ne1 Qg5 21. f3 Nd6
22. Bxf5 Qxf5 23. Qd3 Qxd3 24. Nxd3 Nf5 25. Kf2 Re7 26. g4 Nd6 27. Rce1 Rae8 28.
Nc5 b6 29. Nd3 Kf8 30. Ne5 Rc7 31. e4 f6 32. Ng6+ Kg8 33. e5 Nc8 34. exf6 Rxe2+
35. Rxe2 Kf7 36. fxg7 1-0

[Event "AUTO-ADV-3399"]
[Site "http://www.queenalice.com/game.php?id=1366225"]
[Date "2015.6.18"]
[Round "2"]
[White "Gera"]
[Black "redrum"]
[Result "0-1"]
[WhiteElo "2065"]
[BlackElo "2002"]

1. c4 c5 2. Nc3 e6 3. b3 a6 4. g3 d6 5. Bg2 Nc6 6. e3 Nf6 7. Nge2 Bd7 8. Bb2 Be7
9. O-O O-O 10. Rc1 Rb8 11. Qc2 Nb4 12. Qb1 e5 13. d4 cxd4 14. exd4 exd4 15. Nxd4
Nc6 16. Nf3 Re8 17. Rfe1 Bf8 18. Nd2 Qc7 19. Nde4 Nxe4 20. Bxe4 f6 21. Nd5 Qd8
22. Bxh7+ Kh8 23. Qg6 Ne5 24. Qh5 Bg4 25. Rxe5 dxe5 26. Qg6 Bf3 27. Bc3 Qd7 28.
Qd3 e4 29. Qb1 Qh3 30. Ne3 Qxh7 31. Bd2 Red8 32. Ba5 Rd3 33. h4 b6 34. Bc3 a5
35. Kh2 Rbd8 36. Rg1 Rxc3 0-1

[Event "AUTO-ADV-3399"]
[Site "http://www.queenalice.com/game.php?id=1366226"]
[Date "2015.6.18"]
[Round "2"]
[White "redrum"]
[Black "Gera"]
[Result "0-1"]
[WhiteElo "1975"]
[BlackElo "2043"]

1. d4 Nc6 2. e4 d5 3. e5 e6 4. Nf3 f6 5. Bb5 Bd7 6. Bxc6 Bxc6 7. c3 f5 8. O-O
Ne7 9. Bg5 Qd7 10. Nbd2 O-O-O 11. Re1 h6 12. Bxe7 Bxe7 13. h3 g5 14. Nh2 h5 15.
Ndf1 g4 16. hxg4 hxg4 17. g3 Bg5 18. f4 gxf3 19. Qxf3 Qh7 20. Re2 Rdf8 21. Rg2
Be8 22. Qf2 f4 23. g4 f3 24. Rg3 Bh4 25. Rc1 Bb5 26. Rc2 Be2 27. Rxe2 fxe2 28.
Qxe2 Bxg3 29. Nxg3 Rf4 30. Qg2 Rhf8 31. a3 Rf2 0-1

[Event "AUTO-ADV-3399"]
[Site "http://www.queenalice.com/game.php?id=1366231"]
[Date "2015.6.18"]
[Round "2"]
[White "redrum"]
[Black "clovis"]
[Result "0-1"]
[WhiteElo "2019"]
[BlackElo "2020"]

1. d4 d5 2. Nf3 Nf6 3. Bf4 Bf5 4. e3 e6 5. Bg5 Be7 6. Bd3 Bg6 7. Bxg6 hxg6 8. c3
Nbd7 9. Nbd2 Ne4 10. Bxe7 Qxe7 11. O-O Qd6 12. Re1 g5 13. Nxe4 dxe4 14. Ne5 Nxe5
15. dxe5 Qxe5 16. g3 Qf5 17. Qc2 Qf3 18. Qa4+ c6 19. Qd1 Ke7 20. Qxf3 exf3 21.
Red1 Rh3 22. Kf1 Rxh2 23. Ke1 Rh1+ 24. Kd2 Rd8+ 25. Kc2 Rdxd1 26. Rxd1 Rxd1 27.
Kxd1 g4 28. Kd2 Kd6 29. Kd3 Ke5 30. b3 f5 31. a3 g5 32. c4 f4 33. e4 fxg3 34.
fxg3 f2 35. Ke2 Kxe4 36. Kxf2 Kd3 0-1

[Event "AUTO-ADV-3399"]
[Site "http://www.queenalice.com/game.php?id=1366232"]
[Date "2015.6.18"]
[Round "2"]
[White "clovis"]
[Black "redrum"]
[Result "1/2-1/2"]
[WhiteElo "2041"]
[BlackElo "1972"]

1. e4 c5 2. Nf3 d6 3. d4 cxd4 4. Qxd4 Nc6 5. Bb5 Bd7 6. Qd3 a6 7. Bc4 e6 8. Nc3
Nf6 9. Bg5 Be7 10. O-O e5 11. Rad1 O-O 12. Bxf6 Bxf6 13. Qxd6 Bg4 14. Qxd8 Raxd8
15. Rxd8 Rxd8 16. Rd1 Rxd1+ 17. Nxd1 Bxf3 18. gxf3 Nd4 19. Bb3 Nxf3+ 20. Kg2 Nd4
21. Ne3 Nxb3 22. cxb3 Bg5 23. Nd5 Bc1 24. Kf3 Bxb2 25. Kg4 Kf8 26. Kf5 Ke8 27.
h4 Kd7 28. h5 h6 29. f4 exf4 30. Nxf4 Kd6 31. Nd3 Bc3 32. e5+ Ke7 33. Nf4 Bb2
34. e6 fxe6+ 35. Nxe6 b6 36. Nc7 Kd7 37. Nd5 b5 38. Kg6 Kd6 39. Ne3 Ke6 40. Nf5
b4 41. Nxg7+ Bxg7 42. Kxg7 Kf5 43. Kxh6 Kf6 44. Kh7 Kf7 45. h6 a5 46. Kh8
1/2-1/2

[Event "AUTO-ADV-3399"]
[Site "http://www.queenalice.com/game.php?id=1366233"]
[Date "2015.6.18"]
[Round "2"]
[White "redrum"]
[Black "Maniusiek"]
[Result "0-1"]
[WhiteElo "2021"]
[BlackElo "2534"]

1. d4 d5 2. Nf3 Nf6 3. Bf4 Bf5 4. e3 e6 5. Bg5 Be7 6. Bxf6 Bxf6 7. Bd3 Bxd3 8.
Qxd3 O-O 9. O-O c5 10. c3 g6 11. Nbd2 Qb6 12. Rab1 Nd7 13. Rfe1 Rac8 14. h3 Rfd8
15. Qc2 Bg7 16. a3 Rc7 17. Qb3 Qc6 18. Qa2 Rdc8 19. Nb3 b6 20. a4 a6 21. a5 b5
22. Rbd1 Qb7 23. Rc1 Bf8 24. Ne5 c4 25. Nd2 Nxe5 26. dxe5 b4 27. Nf3 Bg7 28.
cxb4 Qxb4 29. Qa3 Qxa3 30. bxa3 Rc5 31. Re2 Rxa5 32. Ra2 Rb5 33. a4 Rb4 34. a5
f6 35. exf6 Bxf6 36. Nd4 e5 37. Nf3 d4 38. e4 c3 39. Ne1 Bg5 40. Rcc2 Rb1 41.
Kf1 d3 0-1

[Event "AUTO-ADV-3399"]
[Site "http://www.queenalice.com/game.php?id=1366234"]
[Date "2015.6.18"]
[Round "2"]
[White "Maniusiek"]
[Black "redrum"]
[Result "1-0"]
[WhiteElo "2522"]
[BlackElo "2004"]

1. e4 c5 2. g3 e5 3. Bg2 d6 4. Nc3 Nf6 5. d3 h6 6. Nge2 Nbd7 7. O-O Be7 8. f4 a6
9. a4 b6 10. b3 Bb7 11. fxe5 dxe5 12. Nd5 Nxd5 13. exd5 Nf6 14. c4 a5 15. d6
Bxg2 16. dxe7 Qxe7 17. Kxg2 Rd8 18. Nc3 O-O 19. Qe2 Rfe8 20. Bb2 Qb7+ 21. Kg1
Qb8 22. Rxf6 gxf6 23. Rf1 Re6 24. Nd5 Qd6 25. Qg4+ Kh8 26. Qh5 Kh7 27. Qxf7+ Kh8
28. Rxf6 Rd7 29. Qg6 1-0